000 00757nam a2200277Ia 4500
003 OSt
005 20221006153300.0
006 a|||||r|||| 00| 0
007 ta
008 221006b |||||||| |||| 00| 0 kor d
020 _cW 9,000
024 _a31,863
037 _bGift, Korean Embassy
_cTextual
040 _aEASL
_cEASL
_bkor
041 _2kor
_akor
082 _aP495, P5
100 _aKIM Je-Soon etc Au.
_9663265
245 0 _aDaehwa
_b 90 dae, sodae, 70 dae, 60 dae 4in-ui mesiji
260 _aSeoul
_bIsamtoh Korea
_c2005
300 _a166p.
_ccm.
490 _v KL
650 _a KL
650 _aConversation
942 _hP495, P5
_cTEXL
_2CC
999 _c1099949
_d1099949